Buku ilmu kebatinan moderen: (Record no. 64742)

MARC details
000 -LEADER
fixed length control field 00663cam a22002411 4500
001 - CONTROL NUMBER
control field sa 65006608
003 - CONTROL NUMBER IDENTIFIER
control field DLC
005 - DATE AND TIME OF LATEST TRANSACTION
control field 20260227112143.0
008 - FIXED-LENGTH DATA ELEMENTS--GENERAL INFORMATION
fixed length control field 890926s1963 xx 000 0 ind
010 ## - LIBRARY OF CONGRESS CONTROL NUMBER
LC control number sa 65006608
035 ## - SYSTEM CONTROL NUMBER
System control number (OCoLC)23541731
040 ## - CATALOGING SOURCE
Original cataloging agency DLC
Transcribing agency MiU
Modifying agency WU
-- OCoLC
-- DLC
042 ## - AUTHENTICATION CODE
Authentication code premarc
050 00 - LIBRARY OF CONGRESS CALL NUMBER
Classification number BJ125.I5
Item number B8
245 00 - TITLE STATEMENT
Title Buku ilmu kebatinan moderen:
Remainder of title "suara batin."
260 ## - PUBLICATION, DISTRIBUTION, ETC.
Place of publication, distribution, etc. Gombong,
Name of publisher, distributor, etc. Sabdapalon
Date of publication, distribution, etc. [cover 1963]
300 ## - PHYSICAL DESCRIPTION
Extent 185 p.
Other physical details illus.
Dimensions 17 cm.
500 ## - GENERAL NOTE
General note Cover title: Suara batin, Sabdapalon.
650 #0 - SUBJECT ADDED ENTRY--TOPICAL TERM
Topical term or geographic name entry element Ethics
Geographic subdivision Indonesia
650 #0 - SUBJECT ADDED ENTRY--TOPICAL TERM
Topical term or geographic name entry element Mysticism
General subdivision Islam.
740 0# - ADDED ENTRY--UNCONTROLLED RELATED/ANALYTICAL TITLE
Uncontrolled related/analytical title Suara batin.
700 1# - ADDED ENTRY--PERSONAL NAME
Personal name Sunarto, R.

No items available.

Powered by Koha